000 01085nam a2200217Ia 4500
003 Ost
005 20260416102357.0
008 260416s9999||||xx |||||||||||||| ||und||
040 _cfsecg
041 _aara
082 _a658
100 _aشطيبي، حنان
_eمؤلف
245 0 _aمحاضرات في مادة مدخل لإدارة الأعمال /
_c حنان شطيبي
260 _aالجزائر
_bجامعة الجزائر3: كلية العلوم الإقتصادية، العلوم التجارية وعلوم التسيير
_c2021
300 _a128 ورقة
_bايضاحات
_c30 سم
504 _aمراجع ص.121
520 _aالمدخل المفاهيمي لعلم الادارة ، المدير ، السياق النظري في دراسة المنظمة، نبذة عن تطور الفكر الاداري، وظائف الادارة .
653 _aادارة الاعمال
710 _aجامعة الجزائر3: كلية العلوم الإقتصادية، العلوم التجارية وعلوم التسيير
_eناشر علمي
942 _cHANDOUT
999 _c41261
_d41261